[Event "Extremadura-ch"]
[Site "Badajoz"]
[Date "2013.06.09"]
[Round "3"]
[White "Arias Moreno, Jose Tomas"]
[Black "Gonzalez Sanchez, Jose"]
[Result "1/2-1/2"]
[WhiteElo "1746"]
[BlackElo "1696"]
[PlyCount "69"]
[EventDate "2013.06.08"]
[EventType "swiss"]
[EventRounds "7"]
[EventCountry "ESP"]
[SourceTitle "EXT 2014"]
[Source "ChessBase"]
[SourceDate "2013.11.20"]
[SourceVersion "1"]
[SourceVersionDate "2013.11.20"]
[SourceQuality "1"]

1. e4 e6 2. d4 d5 3. exd5 exd5 4. Nf3 Bd6 5. Nc3 Ne7 6. Bd3 Bg4 7. h3 Bh5 8. Bg5 f6 9. Be3 Nbc6 10. a3 Qd7 11. Qd2 0-0-0 12. 0-0-0 Kb8 13. Nb5 Bxf3 14. gxf3 a6 15. Nxd6 Qxd6 16. Kb1 g6 17. Rhg1 Qd7 18. Rh1 Nf5 19. Bxf5 Qxf5 20. f4 Rd6 21. Ka2 Re8 22. h4 h5 23. Rdg1 Qe4 24. Qc3 Na7 25. Qd2 Rc6 26. c3 Nc8 27. Rh3 Nd6 28. b3 Qf5 29. Rhh1 Ne4 30. Qb2 Nxc3+ 31. Ka1 Nb5 32. Rc1 Rxc1+ 33. Rxc1 Nd6 34. Qc3 c6 35. Qa5 1/2-1/2

[Event "Extremadura-chT"]
[Site "Spain"]
[Date "2008.03.01"]
[Round "7.2"]
[White "Gomez Gomez, Francisco Javier"]
[Black "Arias Moreno, Jose Tomas"]
[Result "1-0"]
[WhiteElo "2104"]
[BlackElo "1760"]
[PlyCount "79"]
[EventDate "2008.01.19"]
[EventType "team-swiss"]
[EventRounds "9"]
[EventCountry "ESP"]
[SourceTitle "EXT 2011"]
[Source "ChessBase"]
[SourceDate "2010.11.26"]
[SourceVersion "1"]
[SourceVersionDate "2010.11.26"]
[SourceQuality "1"]
[WhiteTeam "Albatros"]
[BlackTeam "Pardaleras"]
[WhiteTeamCountry "ESP"]
[BlackTeamCountry "ESP"]

1. e4 e5 2. Nf3 Nc6 3. Bc4 Be7 4. d4 exd4 5. c3 Na5 6. Qxd4 Nxc4 7. Qxc4 d6 8. 0-0 Nf6 9. Nbd2 0-0 10. Qb3 b6 11. Re1 Nd7 12. Nc4 Nc5 13. Qc2 Bb7 14. Ncd2 Qd7 15. b4 Ne6 16. Nf1 a5 17. Bb2 axb4 18. cxb4 f6 19. Ne3 Rfe8 20. Nd5 Bxd5 21. exd5 Nf4 22. Nd4 Kh8 23. Qe4 Ng6 24. Re3 Bf8 25. Ne6 Qf7 26. Qc4 Re7 27. Rc1 Rae8 28. Nxc7 Rxe3 29. fxe3 Rc8 30. Qa6 Qe7 31. Qxb6 Qd7 32. b5 Qg4 33. Qd4 Qd7 34. b6 Ne5 35. b7 Rb8 36. Qa7 Qd8 37. Na6 Nd3 38. Qxb8 Qe7 39. Qxf8+ Qxf8 40. Rc8 1-0